000 00367nam a2200157Ia 4500
008 230917s9999||||xx |||||||||||||| ||und||
040 _e43145
_aMAIN
041 _aEnglish
082 _a940.28 C844E
100 _aCraig, Gordon A
245 0 _aEurope 1815-1914
250 _a3rd ed.
260 _aHinsdale
_bDryden Press
_c1972
300 _a448 p.
942 _cBK
999 _c142515
_d142515